[Event "AUTO-OPEN-3201"]
[Site "http://www.queenalice.com/game.php?id=1261189"]
[Date "2014.3.1"]
[Round "1"]
[White "oratio"]
[Black "rpalmero"]
[Result "0-1"]
[WhiteElo "1609"]
[BlackElo "1988"]

1. e4 c5 2. Nf3 e6 3. Nc3 a6 4. d4 cxd4 5. Qxd4 Nc6 6. Qd1 Qc7 7. Be2 Nf6 8. O-O
Bc5 9. Be3 Bxe3 10. fxe3 b5 11. a4 b4 12. Nb1 Nxe4 13. b3 Bb7 14. Bd3 Nc5 15. c3
a5 16. Bb5 Ne5 17. Nd4 O-O 18. Nd2 bxc3 19. N2f3 Nxf3+ 20. Qxf3 Bxf3 21. Rxf3
Ne4 22. Rc1 e5 23. Nf5 Nd2 24. Rg3 g6 25. Nh6+ Kg7 26. Nf5+ Kh8 27. Rc2 gxf5 28.
Bd3 e4 29. Bb5 Nxb3 30. Be2 Na1 31. Rc1 c2 32. Rg5 Nb3 33. Rf1 c1=Q 0-1

[Event "AUTO-INT-2816"]
[Site "http://www.queenalice.com/game.php?id=1261582"]
[Date "2014.3.2"]
[Round "1"]
[White "SalsaKing"]
[Black "oratio"]
[Result "0-1"]
[WhiteElo "1717"]
[BlackElo "1607"]

1. e4 e6 2. d3 d5 3. a3 c5 4. g3 Nc6 5. exd5 exd5 6. h3 Nf6 7. Nf3 Bd6 8. d4 O-O
9. Be2 Re8 10. Nc3 c4 11. Be3 Bf5 12. Qd2 Qb6 13. O-O h6 14. g4 Be4 15. Nxe4
Nxe4 16. Qc1 Qc7 17. c3 Re6 18. Kg2 b5 19. Rh1 h5 20. g5 Rg6 21. h4 Qd7 0-1

[Event "AUTO-INT-2816"]
[Site "http://www.queenalice.com/game.php?id=1261583"]
[Date "2014.3.2"]
[Round "1"]
[White "oratio"]
[Black "SalsaKing"]
[Result "0-1"]
[WhiteElo "1601"]
[BlackElo "1689"]

1. c4 e5 2. Nc3 Nc6 3. g3 Nf6 4. Bg2 b6 5. Nf3 h6 6. O-O d6 7. e4 Bg4 8. b3 Be7
9. d4 Nxd4 10. Nd5 Nxd5 11. exd5 Bf6 12. Qe1 Bxf3 13. Bh3 Nc2 14. Qc3 Nxa1 15.
Qxf3 Nc2 16. Qc3 Nd4 17. Be3 Nf3+ 18. Kh1 e4 19. Qb4 O-O 20. c5 bxc5 21. Qxe4
Ng5 22. Bxg5 Bxg5 23. f4 Bf6 24. Qf5 Qe7 25. Bg2 Rfe8 26. h4 Qe3 27. Rf3 Qe1+
28. Rf1 Qd2 29. a4 Rab8 30. Qd7 Re2 31. Qh3 Rbe8 32. Bf3 Re1 33. Qg2 Rxf1+ 0-1

[Event "AUTO-INT-2816"]
[Site "http://www.queenalice.com/game.php?id=1261610"]
[Date "2014.3.2"]
[Round "1"]
[White "oratio"]
[Black "joao_messias"]
[Result "0-1"]
[WhiteElo "1613"]
[BlackElo "1706"]

1. e4 e5 2. Nf3 d6 3. d4 exd4 4. Nxd4 Bd7 5. Bc4 Nf6 6. Nc3 Be7 7. O-O O-O 8.
Bf4 Nc6 9. Nf3 h6 10. Re1 Bg4 11. e5 dxe5 12. Bxe5 Qxd1 13. Raxd1 Bxf3 14. gxf3
Nxe5 15. Rxe5 Bd6 16. Re3 Rad8 17. Rde1 Rfe8 18. Nd5 Rf8 19. Nxf6+ gxf6 20. Re4
Kh8 21. Rh4 Rg8+ 22. Kh1 Kh7 23. Bxf7 Rg7 24. Bc4 Bc5 25. Bd3+ Rxd3 26. cxd3
Bxf2 27. Rf1 Bxh4 28. b4 Rd7 29. Rd1 Rd4 30. b5 Rb4 31. d4 Rxb5 32. Rc1 c6 33.
a4 Rb4 34. a5 Rxd4 0-1

[Event "AUTO-INT-2816"]
[Site "http://www.queenalice.com/game.php?id=1261611"]
[Date "2014.3.2"]
[Round "1"]
[White "joao_messias"]
[Black "oratio"]
[Result "1-0"]
[WhiteElo "1535"]
[BlackElo "1627"]

1. e4 e6 2. d3 d5 3. exd5 exd5 4. h3 Nf6 5. Nf3 c5 6. Be2 Nc6 7. Bg5 Be7 8. O-O
O-O 9. Nh2 Qd6 10. Bf3 Qe5 11. Bxf6 Qxf6 12. Re1 Bd6 13. Bg4 Qf4 14. g3 Qd4 15.
c3 Qf6 16. Bxc8 Raxc8 17. Nd2 c4 18. d4 b5 19. Qf3 Qh6 20. Ndf1 Qxh3 21. Qxd5
Be7 22. Re4 Rfd8 23. Qxb5 Rc7 24. Rae1 Rd5 25. Qxc4 Rh5 26. Rxe7 Rxe7 27. Qxc6
h6 28. Rxe7 Kh7 29. Qe4+ g6 30. Rxf7+ 1-0

[Event "Challenge"]
[Site "http://www.queenalice.com/game.php?id=1268867"]
[Date "2014.3.29"]
[Round "-"]
[White "Ana_Cris"]
[Black "oratio"]
[Result "1-0"]
[WhiteElo "1475"]
[BlackElo "1589"]

1. c4 e6 2. e4 d5 3. cxd5 exd5 4. Bd3 Nf6 5. e5 Nfd7 6. Nf3 c5 7. Nc3 Nc6 8.
Nxd5 Be7 9. Bc4 O-O 10. d4 b6 11. Nxe7+ Nxe7 12. Bd3 cxd4 13. Nxd4 Nxe5 14.
Bxh7+ Kxh7 15. Qh5+ Kg8 16. Qxe5 Re8 17. O-O Ba6 18. Re1 Ng6 19. Qxe8+ Qxe8 20.
Rxe8+ Rxe8 21. Be3 Bb7 22. g3 Ne5 23. Rc1 Nd3 24. Rc7 Ba6 25. Rxa7 Bc8 26. b3
Bh3 27. Rb7 Re4 28. Rxb6 Ne5 29. Rb8+ Kh7 30. Re8 f6 31. a4 Nf3+ 32. Nxf3 Rxe8
33. Nd4 Rb8 34. f4 Rxb3 35. Nxb3 1-0

[Event "Challenge"]
[Site "http://www.queenalice.com/game.php?id=1268868"]
[Date "2014.3.29"]
[Round "-"]
[White "oratio"]
[Black "Ana_Cris"]
[Result "0-1"]
[WhiteElo "1568"]
[BlackElo "1472"]

1. e4 d6 2. Nf3 Nf6 3. Bc4 d5 4. exd5 Nxd5 5. O-O f6 6. d4 Bg4 7. b3 g5 8. Bb2
Nf4 9. Nbd2 f5 10. d5 Rg8 11. d6 Rg6 12. Re1 cxd6 13. Bb5+ Nc6 14. Bxc6+ bxc6
15. b4 h5 16. c4 e6 17. c5 h4 18. g3 Nh3+ 19. Kh1 Nxf2+ 20. Kg1 Nxd1 21. Raxd1
d5 22. Ne5 Bxd1 23. Rxd1 Rf6 24. Nxc6 Qc7 25. Nd4 a6 26. a3 hxg3 27. hxg3 Qxg3+
28. Kf1 e5 29. Ne2 Qh3+ 30. Ke1 Re6 31. Nb3 Qxb3 32. Rb1 Qc4 33. Rc1 Qb3 34. Bc3
d4 35. Bd2 f4 36. a4 Qxa4 0-1

[Event "AUTO-OPEN-3242"]
[Site "http://www.queenalice.com/game.php?id=1277074"]
[Date "2014.4.28"]
[Round "1"]
[White "Herbert_Paulo"]
[Black "oratio"]
[Result "1-0"]
[WhiteElo "1915"]
[BlackElo "1522"]

1. e4 e6 2. d4 d5 3. exd5 exd5 4. Nf3 Nf6 5. Be2 c5 6. c3 Bd6 7. O-O Nc6 8. Be3
O-O 9. Nbd2 Re8 10. Qb3 c4 11. Qc2 Bg4 12. Rfe1 b5 13. a3 Qc7 14. Bg5 Bxh2+ 15.
Kh1 Ne4 16. Nxh2 Nxf2+ 17. Kg1 Qg3 18. Bxg4 Nxg4 19. Nxg4 Qxg4 20. Nf3 f6 21.
Bd2 1-0

[Event "AUTO-OPEN-3242"]
[Site "http://www.queenalice.com/game.php?id=1277075"]
[Date "2014.4.28"]
[Round "1"]
[White "oratio"]
[Black "Herbert_Paulo"]
[Result "0-1"]
[WhiteElo "1550"]
[BlackElo "1902"]

1. e4 e5 2. Nf3 Nc6 3. Bc4 Bc5 4. b4 Bxb4 5. c3 Bd6 6. O-O Nf6 7. d3 O-O 8. Bg5
Be7 9. d4 Nxe4 10. Bxe7 Qxe7 11. Qd3 Nf6 12. Re1 d5 13. Bb3 e4 14. Qd1 Bg4 15.
Nbd2 Qd6 16. c4 Nxd4 17. Nxd4 Bxd1 18. Rexd1 c6 19. Nf5 Qe5 0-1

[Event "AUTO-OPEN-3242"]
[Site "http://www.queenalice.com/game.php?id=1277098"]
[Date "2014.4.28"]
[Round "1"]
[White "oratio"]
[Black "yclaudiu35"]
[Result "0-1"]
[WhiteElo "1505"]
[BlackElo "2048"]

1. e4 e5 2. Nf3 Qf6 3. Bc4 Bc5 4. b4 Bxb4 5. c3 Bc5 6. d4 exd4 7. cxd4 Nc6 8.
Bb2 Bb4+ 9. Bc3 d6 10. e5 dxe5 0-1

[Event "AUTO-OPEN-3242"]
[Site "http://www.queenalice.com/game.php?id=1277099"]
[Date "2014.4.28"]
[Round "1"]
[White "yclaudiu35"]
[Black "oratio"]
[Result "1-0"]
[WhiteElo "2050"]
[BlackElo "1503"]

1. e4 e6 2. d4 d5 3. e5 c5 4. a3 Nc6 5. Bb5 Bd7 6. Bxc6 Bxc6 7. Nf3 Be7 8. O-O
cxd4 9. Nxd4 Bd7 10. Qg4 f6 11. Nxe6 1-0

[Event "AUTO-INT-2847"]
[Site "http://www.queenalice.com/game.php?id=1277120"]
[Date "2014.4.28"]
[Round "1"]
[White "oratio"]
[Black "dladuke7"]
[Result "0-1"]
[WhiteElo "1532"]
[BlackElo "1679"]

1. e4 e5 2. Nf3 Nc6 3. Bc4 h6 4. O-O Nf6 5. Re1 Bc5 6. b4 Bxb4 7. c3 Bc5 8. d4
exd4 9. cxd4 Bb4 10. Bd2 Bxd2 11. Qxd2 d6 12. d5 Ne7 13. Nc3 O-O 14. Qd3 a6 15.
e5 dxe5 16. Nxe5 Bf5 17. Qf3 Bg6 18. Bd3 Bxd3 19. Qxd3 Nexd5 20. Rad1 Qd6 0-1

[Event "AUTO-INT-2847"]
[Site "http://www.queenalice.com/game.php?id=1277121"]
[Date "2014.4.28"]
[Round "1"]
[White "dladuke7"]
[Black "oratio"]
[Result "1-0"]
[WhiteElo "1648"]
[BlackElo "1563"]

1. e4 e6 2. d4 d5 3. e5 c5 4. Bb5+ Bd7 5. Qe2 f6 6. Nf3 cxd4 7. Nxd4 fxe5 8.
Nxe6 Qe7 9. Nc7+ Kd8 10. Nxa8 Qc5 11. Nc3 Bxb5 12. Nxb5 Qb4+ 13. c3 Qe7 14. Nac7
Nf6 15. Bg5 Qc5 16. Ne6+ 1-0

[Event "AUTO-INT-2847"]
[Site "http://www.queenalice.com/game.php?id=1277122"]
[Date "2014.4.28"]
[Round "1"]
[White "oratio"]
[Black "sphagnis"]
[Result "0-1"]
[WhiteElo "1520"]
[BlackElo "1541"]

1. e4 e5 2. Nf3 Nc6 3. Bc4 Qf6 4. O-O a6 5. c3 d6 6. d4 h6 7. b3 Be6 8. d5 Na5
9. dxe6 fxe6 10. Ba3 Nxc4 11. bxc4 c5 12. Qa4+ Kf7 13. Qd7+ Be7 14. Qxb7 Rd8 15.
Qxa6 h5 16. Nbd2 Nh6 17. Rab1 Ra8 18. Qc6 Rxa3 19. Rb7 Kg6 20. Qd7 Nf7 0-1

[Event "AUTO-INT-2847"]
[Site "http://www.queenalice.com/game.php?id=1277123"]
[Date "2014.4.28"]
[Round "1"]
[White "sphagnis"]
[Black "oratio"]
[Result "1-0"]
[WhiteElo "1547"]
[BlackElo "1548"]

1. e4 e6 2. e5 d5 3. d4 c5 4. Nf3 Nc6 5. Bb5 Bd7 6. Bxc6 Bxc6 7. Nc3 f6 8. Be3
Qb6 9. b3 O-O-O 10. Na4 Qb4+ 11. Bd2 g5 12. Bxb4 cxb4 13. O-O Bh6 14. Nc5 Ne7
15. Nxe6 Rde8 16. Nc5 Nf5 17. exf6 g4 18. Ne5 Bb5 19. c4 Bc6 20. f7 Ref8 21. Ne6
1-0

[Event "AUTO-INT-2847"]
[Site "http://www.queenalice.com/game.php?id=1277124"]
[Date "2014.4.28"]
[Round "1"]
[White "oratio"]
[Black "Leovitor"]
[Result "1-0"]
[WhiteElo "1548"]
[BlackElo "1520"]

1. e4 e6 2. Nf3 d5 3. Nc3 Nf6 4. d4 Bb4 5. Bd2 O-O 6. Bd3 dxe4 7. Bxe4 Nxe4 8.
Nxe4 Be7 9. O-O Nc6 10. Bg5 Bxg5 11. Nexg5 Bd7 12. Qd3 f6 13. Qxh7# 1-0

[Event "AUTO-INT-2847"]
[Site "http://www.queenalice.com/game.php?id=1277125"]
[Date "2014.4.28"]
[Round "1"]
[White "Leovitor"]
[Black "oratio"]
[Result "1-0"]
[WhiteElo "1540"]
[BlackElo "1501"]

1. e4 e6 2. d4 d5 3. exd5 exd5 4. Bd3 Nf6 5. Ne2 c5 6. c3 Nc6 7. O-O Bd6 8. Bg5
O-O 9. Nd2 Qb6 10. Bxf6 gxf6 11. Qc2 Qc7 12. h3 Bh2+ 13. Kh1 Be6 14. Bxh7+ Kh8
15. Bd3 Rg8 16. g3 Bxh3 17. Kxh2 Bg4 18. Rh1 Kg7 19. Kg2 Rae8 20. Bb5 Bxe2 21.
Bxe2 Rxe2 22. Qh7+ Kf8 23. Qh6+ Rg7 24. Rae1 1-0